| 000 | 01192nam a2200397 a 4500 | ||
|---|---|---|---|
| 001 | 20431 | ||
| 003 | VRT | ||
| 005 | 20260122135734.0 | ||
| 008 | 961209q1995 xo p 000 1 slo c | ||
| 020 | _a8088834368 (brož.) | ||
| 035 | _aUKB000210379 | ||
| 040 |
_aBAA001 _bslo _cBAA001 _eAACR2 |
||
| 041 | 1 |
_aslo _hfre |
|
| 044 |
_axo _cSK |
||
| 080 | _a840-31 | ||
| 100 | 1 |
_aDiderot, Denis, _d1713-1784 |
|
| 243 | 1 | 0 | _aKlasicistická próza |
| 245 | 0 | 0 |
_aMníška _cDenis Diderot ; [prel. Ondrej Žiška] |
| 260 |
_aRohovce _bInterpopulart Slovakia _c[1995] |
||
| 300 | _a127 s | ||
| 490 | 1 |
_aPopulart. Študentská knižnica _v37 |
|
| 500 | _aKLasicistická próza | ||
| 504 | _aBibliogr. s. 127 | ||
| 650 | 0 | 7 | _aliteratúra francúzska klasicistická |
| 650 | 0 | 7 | _aromány |
| 653 | _a840-31 | ||
| 700 | 1 |
_aŽiška, Ondrej _4trl |
|
| 760 | 1 | _tPopulart. Študentská knižnica | |
| 830 | 0 |
_aPopulart. Študentská knižnica _v37 |
|
| 910 | _aukb | ||
| 942 |
_2ddc _cKLDO _n0 |
||
| 949 |
_61800009234 _a30.D.66689 _bPV.5693-96 |
||
| 949 |
_61800009233 _aSL.D.24712 _bPV.5694-96 |
||
| 949 |
_61800065047 _a30.D.66689 _bNA.247-99 |
||
| 949 |
_61800084479 _a30.D.66689 _bDD.332-2000 |
||
| 999 |
_c20431 _d20431 |
||